| 000 | 00401nam a2200169Ia 4500 | ||
|---|---|---|---|
| 008 | 230524s9999 xx 000 0 und d | ||
| 020 | _a8173811458 | ||
| 082 |
_a574.191 _bRAY |
||
| 100 | _aR.N.Roy | ||
| 245 | 2 | _aA Text Book of Biophysics | |
| 250 | _a1ST | ||
| 260 |
_aNEW DELHI _bNew Central _c2005 |
||
| 300 | _aXIV;696 | ||
| 500 | _aQuantity Number: 2 | ||
| 650 | _aBiomedical | ||
| 942 | _cBK | ||
| 999 |
_c34997 _d34997 |
||